00375nam a2200133Ia 4500008004100000020001500041041001200056082001600068100001600084245007700100260003500177300000800212650002100220221030s9999 xx 000 0 und d a8122403867 aEnglish a105.23bSon aB. S. Sonde 0aIntroduciton to System Design Using Integrated Circuits ( DEPARTMENTAL ) bWiley EasternaNew Delhic1994 a312 aECE Departmental